| 000 | 00730cam a2200145 4500500 | ||
|---|---|---|---|
| 005 | 20251228073711.0 | ||
| 041 | _afre | ||
| 042 | _adc | ||
| 100 | 1 | 0 |
_aGawlikowski, Michel _eauthor |
| 245 | 0 | 0 | _aZayadine Fawzi, Larché François, Dentzer-Feydy Jacqueline, Le Qasr al-Bint de Pétra, L’architecture, le décor, la chronologie et les dieux, Paris, Éd. Recherche sur les civilisations, 2003, 1 vol. 30,5 × 38, 228 p., 140 photos et 3 fig. ds t., 54 pl. de dessins (résumé en anglais). |
| 260 | _c2005. | ||
| 500 | _a11 | ||
| 786 | 0 | _nRevue archéologique | 40 | 2 | 2005-09-01 | p. 365zi-437zi | 0035-0737 | |
| 856 | 4 | 1 | _uhttps://shs.cairn.info/revue-archeologique-2005-2-page-365zi?lang=fr&redirect-ssocas=7080 |
| 999 |
_c1595737 _d1595737 |
||